000 00397nam a22001457a 4500
005 20250520172633.0
008 250520b |||||||| |||| 00| 0 eng d
020 _a9789964704254
050 _aCT2508
_b.R68A3 ROT
100 _aROTH, RUDOLF HANS
245 _aBECAUSE OF KWADUA
_cHANS RUDOLF ROTH
260 _aACCRA
_bAFRAM PUBLICATIONS
_cc2008
300 _aix;. 321p;.
_bills;
942 _2lcc
_cBK
_n0
999 _c5863
_d5863